Štúdium nízkomolekulárnych peptidov pomocou elektrochemických metód

Guardado en:
Detalles Bibliográficos
Autor principal: Adzimová, Viktória (Autor)
Otros Autores: Gál, Miroslav (Orientador)
Formato: Manuscrito Libro
Lenguaje:eslovaco
Publicado: 2018
Materias:
Acceso en línea:http://is.stuba.sk/zp/portal_zp.pl?podrobnosti=118547
Etiquetas: Agregar Etiqueta
Sin Etiquetas, Sea el primero en etiquetar este registro!

MARC

LEADER 00000ntm a22000003a 4500
001 stuzp69439
003 SK-STU
005 20180623210726.5
007 ta
008 150427s2015----xo-----f-mn---000-0-slo-d
040 |a STU  |b slo 
041 0 |a slo 
100 1 |a Adzimová, Viktória  |u 042120  |4 aut  |U FCHPT Ústav anorganickej chémie, technológie a materiálov  |T FCHPT Oddelenie anorganickej technológie  |X 76389  |U C2120  |Y 111  |7 76389 
242 0 1 |a Study of low molecular peptides by means of electrochemical methods  |y eng 
245 1 0 |a Štúdium nízkomolekulárnych peptidov pomocou elektrochemických metód 
260 |c 2018 
650 4 |a histón  |2 slo 
650 4 |a cyklická voltampérometria  |2 slo 
650 4 |a difúzia  |2 slo 
650 4 |a ortuťová elektróda  |2 slo 
650 4 |a histone  |2 eng 
650 4 |a cyclic voltammetry  |2 eng 
650 4 |a diffusion  |2 eng 
650 4 |a mercury electrode  |2 eng 
700 1 |a Gál, Miroslav  |u 042120  |k Z1  |4 ths  |U FCHPT Ústav anorganickej chémie, technológie a materiálov  |T FCHPT Oddelenie anorganickej technológie  |X 70968  |U C2120  |Y 111  |7 A0000070968 
856 4 |u http://is.stuba.sk/zp/portal_zp.pl?podrobnosti=118547